000 00526cam a2200193ua 4500
001 10005
005 20260515114543.0
008 170315n ii |||gr||||Z||||||eng
020 _a8122203426
040 _cMAIN
041 _aeng
082 _a613
100 _aChichester, Brian,
_eAuthor.
245 _aNatural health secrets :
_ban a to z guide to the best home remedies /
_cBy Brian Chichester .
260 _aDelhi:
_bOrient paperback,
_c2003.
300 _a208p.
653 _aPersonal health & safety
942 _cBK
999 _c8996
_d8996